Academy Award Nominees for Best Picture (2000-present) - Statistics

General Stats
  • This quiz has been taken 103 times
    28 since last reset
  • The average score is 134 of 201
Answer Stats
Year Director(s) Featured Actors/Actresses Nominated Film % Correct
2009 James Cameron Sam WorthingtonZoe Saldana Avatar
100%
2012 Quentin Tarantino Jamie FoxxChristoph Waltz Django Unchained
100%
2000 Ridley Scott Russell CroweJoaquin Phoenix Gladiator
100%
2009 Quentin Tarantino Brad PittChristoph Waltz Inglourious Basterds
100%
2004 Clint Eastwood Clint EastwoodHilary Swank Million Dollar Baby
100%
2009 Kathryn Bigelow Jeremy RennerAnthony Mackie The Hurt Locker
100%
2001 Peter Jackson Elijah WoodIan McKellen The Lord of the Rings: The Fellowship of the Ring
100%
2003 Peter Jackson Elijah WoodIan McKellen The Lord of the Rings: The Return of the King
100%
2002 Roman Polanski Adrien BrodyThomas Kretschmann The Pianist
100%
2012 Ben Affleck Ben AffleckBryan Cranston Argo
93%
2009 Joel Coen & Ethan Coen Michael StuhlbargRichard Kind A Serious Man
93%
2005 Ang Lee Heath LedgerJake Gyllenhaal Brokeback Mountain
93%
2017 Jordan Peele Daniel KaluuyaAllison Williams Get Out
93%
2010 Christopher Nolan Leonardo DiCaprioJoseph Gordon-Levitt Inception
93%
2017 Greta Gerwig Saoirse RonanLaurie Metcalf Lady Bird
93%
2003 Clint Eastwood Sean PennTim Robbins Mystic River
93%
2007 Joel Coen & Ethan Coen Tommy Lee JonesJavier Bardem No Country for Old Men
93%
2020 Chloé Zhao Frances McDormandDavid Strathairn Nomadland
93%
2019 Quentin Tarantino Leonardo DiCaprioBrad Pitt Once Upon a Time...In Hollywood
93%
2012 David O. Russell Bradley CooperJennifer Lawrence Silver Linings Playbook
93%
2008 David Fincher Brad PittCate Blanchett The Curious Case of Benjamin Button
93%
2011 Tate Taylor Viola DavisEmma Stone The Help
93%
2007 Paul Thomas Anderson Daniel Day-LewisPaul Dano There Will Be Blood
93%
2010 David Fincher Jesse EisenbergAndrew Garfield The Social Network
93%
2013 Steve McQueen Chiwetel EjioforMichael Fassbender 12 Years a Slave
87%
2010 Darren Aronofsky Natalie PortmanVincent Cassel Black Swan
87%
2002 Rob Marshall Renée ZellwegerCatherine Zeta-Jones Chicago
87%
2000 Lasse Hallström Juliette BinocheJudi Dench Chocolat
87%
2005 Paul Haggis Sandra BullockDon Cheadle Crash
87%
2000 Steven Soderbergh Julia RobertsAlbert Finney Erin Brockovich
87%
2002 Martin Scorsese Leonardo DiCaprioDaniel Day-Lewis Gangs of New York
87%
2018 Peter Farrelly Viggo MortensenMahershala Ali Green Book
87%
2016 Mel Gibson Andrew GarfieldSam Worthington Hacksaw Ridge
87%
2019 Todd Phillips Joaquin PhoenixRobert De Niro Joker
87%
2007 Jason Reitman Elliot PageMichael Cera Juno
87%
2012 Steven Spielberg Daniel Day-LewisSally Field Lincoln
87%
2019 Bong Joon Ho Song Kang-hoLee Sun-kyun Parasite
87%
2015 Lenny Abrahamson Brie LarsonJacob Tremblay Room
87%
2008 Danny Boyle Dev PatelFreida Pinto Slumdog Millionaire
87%
2015 Tom McCarthy Mark RuffaloRachel McAdams Spotlight
87%
2011 Michel Hazanavicius Jean DujardinBérénice Bejo The Artist
87%
2014 Wes Anderson Ralph FiennesF. Murray Abraham The Grand Budapest Hotel
87%
2019 Martin Scorsese Robert De NiroAl Pacino The Irishman
87%
2010 Tom Hooper Colin FirthGeoffrey Rush The King's Speech
87%
2017 Guillermo del Toro Sally HawkinsMichael Shannon The Shape of Water
87%
2020 Aaron Sorkin Yahya Abdul-Mateen IISacha Baron Cohen The Trial of the Chicago 7
87%
2013 Martin Scorsese Leonardo DiCaprioJonah Hill The Wolf of Wall Street
87%
2014 Damien Chazelle Miles TellerJK Simmons Whiplash
87%
2019 Sam Mendes George MacKayDean-Charles Chapman 1917
80%
2001 Ron Howard Russell CroweEd Harris A Beautiful Mind
80%
2013 David O. Russell Christian BaleAmy Adams American Hustle
80%
2018 Bradley Cooper Bradley CooperLady Gaga A Star Is Born
80%
2014 Alejandro González Iñárritu Michael KeatonZach Galifianakis BIRDMAN
80%
2018 Bryan Singer Rami MalekLucy Boynton Bohemian Rhapsody
80%
2017 Luca Guadagnino Armie HammerTimothée Chalamet Call Me by Your Name
80%
2021 Denis Villeneuve Timothée ChalametRebecca Ferguson Dune
80%
2016 Denzel Washington Denzel WashingtonViola Davis Fences
80%
2013 Spike Jonze Joaquin PhoenixScarlett Johansson Her
80%
2016 Damien Chazelle Ryan GoslingEmma Stone La La Land
80%
2012 Tom Hooper Hugh JackmanAnne Hathaway Les Misérables
80%
2015 George Miller Tom HardyCharlize Theron Mad Max: Fury Road
80%
2016 Kenneth Lonergan Casey AffleckMichelle Williams Manchester by the Sea
80%
2019 Noah Baumbach Scarlett JohanssonAdam Driver Marriage Story
80%
2008 Gus Van Sant Sean PennEmile Hirsch Milk
80%
2011 Bennett Miller Brad PittJonah Hill Moneyball
80%
2009 Lee Daniels Mo'NiquePaula Patton Precious
80%
2004 Martin Scorsese Leonardo DiCaprioCate Blanchett The Aviator
80%
2009 John Lee Hancock Sandra BullockQuinton Aaron The Blind Side
80%
2006 Martin Scorsese Leonardo DiCaprioMatt Damon The Departed
80%
2018 Yorgos Lanthimos Olivia ColmanEmma Stone The Favourite
80%
2014 James Marsh Eddie RedmayneFelicity Jones The Theory of Everything
80%
2010 Joel Coen & Ethan Coen Jeff BridgesMatt Damon True Grit
80%
2009 Pete Docter Ed AsnerChristopher Plummer Up
80%
2010 Danny Boyle James FrancoAmber Tamblyn 127 Hours
73%
2018 Spike Lee John David WashingtonAdam Driver BlacKkKlansman
73%
2013 Paul Greengrass Tom HanksBarkhad Abdi Captain Phillips
73%
2000 Ang Lee Chow Yun-fatMichelle Yeoh Crouching Tiger, Hidden Dragon
73%
2013 Alfonso Cuarón Sandra BullockGeorge Clooney Gravity
73%
2019 Greta Gerwig Saoirse RonanEmma Watson Little Women
73%
2003 Sofia Coppola Bill MurrayScarlett Johansson Lost In Translation
73%
2016 Barry Jenkins Trevante RhodesAndré Holland Moonlight
73%
2001 Baz Luhrmann Nicole KidmanEwan McGregor Moulin Rouge!
73%
2025 Paul Thomas Anderson Leonardo DiCaprioSean Penn One Battle After Another
73%
2020 Emerald Fennell Carey MulliganBo Burnham Promising Young Woman
73%
2004 Alexander Payne Paul GiamattiThomas Haden Church Sideways
73%
2025 Ryan Coogler Michael B. JordanHailee Steinfeld Sinners
73%
2024 Brady Corbet Adrien BrodyFelicity Jones The Brutalist
73%
2011 Alexander Payne George ClooneyShailene Woodley The Descendants
73%
2010 David O. Russell Mark WahlbergChristian Bale The Fighter
73%
2014 Morten Tyldum Benedict CumberbatchKeira Knightley The Imitation Game
73%
2002 Peter Jackson Elijah WoodIan McKellen The Lord of the Rings: The Two Towers
73%
2012 Kathryn Bigelow Jessica ChastainJason Clarke Zero Dark Thirty
73%
2024 Sean Baker Mikey MadisonYura Borisov Anora
67%
2016 Denis Villeneuve Amy AdamsJeremy Renner Arrival
67%
2007 Joe Wright James McAvoyKeira Knightley Atonement
67%
2023 Greta Gerwig Margot RobbieRyan Gosling Barbie
67%
2018 Ryan Coogler Chadwick BosemanMichael B. Jordan Black Panther
67%
2005 Bennett Miller Philip Seymour HoffmanCatherine Keener Capote
67%
2013 Jean-Marc Vallée Matthew McConaugheyJared Leto Dallas Buyers Club
67%
2017 Christopher Nolan Fionn WhiteheadTom Glynn-Carney Dunkirk
67%
2022 Baz Luhrmann Austin ButlerTom Hanks Elvis
67%
2025 Joseph Kosinski Brad PittDamson Idris F1
67%
2025 Guillermo del Toro Oscar IsaacJacob Elordi Frankenstein
67%
2016 Theodore Melfi Taraji P. HensonOctavia Spencer Hidden Figures
67%
2021 Reinaldo Marcus Green Will SmithAunjanue Ellis King Richard
67%
2020 Lee Isaac Chung Steven YeunHan Ye-ri Minari
67%
2013 Alexander Payne Bruce DernWill Forte Nebraska
67%
2018 Alfonso Cuarón Yalitza AparicioMarina de Tavira Roma
67%
2023 Alexander Payne Paul GiamattiDa'Vine Joy Randolph The Holdovers
67%
2006 Stephen Frears Helen MirrenMichael Sheen The Queen
67%
2015 Alejandro González Iñárritu Leonardo DiCaprioTom Hardy The Revenant
67%
2011 Terrence Malick Brad PittSean Penn The Tree of Life
67%
2017 Martin McDonagh Frances McDormandWoody Harrelson Three Billboards Outside Ebbing, Missouri
67%
2010 Lee Unkrich Tom HanksTim Allen Toy Story 3
67%
2021 Steven Spielberg Ansel ElgortRachel Zegler West Side Story
67%
2010 Debra Granik Jennifer LawrenceJohn Hawkes Winter's Bone
67%
2023 Justine Triet Sandra HüllerSwann Arlaud Anatomy of a Fall
60%
2006 Alejandro González Iñárritu Brad PittCate Blanchett Babel
60%
2025 Yorgos Lanthimos Emma StoneJesse Plemons Bugonia
60%
2017 Joe Wright Gary OldmanKristin Scott Thomas Darkest Hour
60%
2021 Adam McKay Leonardo DiCaprioJennifer Lawrence Don't Look Up
60%
2019 James Mangold Matt DamonChristian Bale Ford v Ferrari
60%
2025 Chloé Zhao Jessie BuckleyPaul Mescal Hamnet
60%
2019 Taika Waititi Roman Griffin DavisThomasin McKenzie Jojo Rabbit
60%
2023 Martin Scorsese Leonardo DiCaprioLily Gladstone Killers of the Flower Moon
60%
2006 Jonathan Dayton & Valerie Faris Greg KinnearSteve Carell Little Miss Sunshine
60%
2023 Bradley Cooper Carey MulliganBradley Cooper Maestro
60%
2025 Josh Safdie Timothée ChalametGwyneth Paltrow Marty Supreme
60%
2005 Steven Spielberg Eric BanaDaniel Craig Munich
60%
2023 Christopher Nolan Cillian MurphyEmily Blunt Oppenheimer
60%
2023 Celine Song Greta LeeTeo Yoo Past Lives
60%
2017 Paul Thomas Anderson Daniel Day-LewisLesley Manville Phantom Thread
60%
2023 Yorgos Lanthimos Emma StoneMark Ruffalo Poor Things
60%
2004 Taylor Hackford Jamie FoxxKerry Washington Ray
60%
2025 Joachim Trier Renate ReinsveStellan Skarsgård Sentimental Value
60%
2022 Todd Field Cate BlanchettNoémie Merlant Tár
60%
2015 Adam McKay Christian BaleSteve Carell The Big Short
60%
2020 Florian Zeller Anthony HopkinsOlivia Colman The Father
60%
2000 Steven Soderbergh Don CheadleBenicio del Toro Traffic
60%
2009 Jason Reitman George ClooneyVera Farmiga Up in the Air
60%
2024 James Mangold Timothée ChalametEdward Norton A Complete Unknown
53%
2023 Cord Jefferson Jeffrey WrightTracee Ellis Ross American Fiction
53%
2014 Richard Linklater Ellar ColtranePatricia Arquette Boyhood
53%
2024 Denis Villeneuve Timothée ChalametZendaya Dune: Part Two
53%
2024 Walter Salles Fernanda TorresSelton Mello I'm Still Here
53%
2021 Paul Thomas Anderson Alana HaimCooper Hoffman Licorice Pizza
53%
2011 Woody Allen Kathy BatesAdrien Brody Midnight in Paris
53%
2014 Ava DuVernay David OyelowoTom Wilkinson Selma
53%
2022 Steven Spielberg Michelle WilliamsPaul Dano The Fabelmans
53%
2002 Stephen Daldry Meryl StreepJulianne Moore The Hours
53%
2015 Ridley Scott Matt DamonJessica Chastain The Martian
53%
2017 Steven Spielberg Meryl StreepTom Hanks The Post
53%
2021 Jane Campion Benedict CumberbatchKirsten Dunst The Power of The Dog
53%
2008 Stephen Daldry Kate WinsletRalph Fiennes The Reader
53%
2025 Kleber Mendonça Filho Wagner MouraCarlos Francisco The Secret Agent
53%
2024 Coralie Fargeat Demi MooreDennis Quaid The Substance
53%
2018 Adam McKay Christian BaleAmy Adams Vice
53%
2024 Jon M. Chu Cynthia ErivoAriana Grande Wicked
53%
2022 Edward Berger Felix KammererDaniel Brühl All Quiet on the Western Front
47%
2014 Clint Eastwood Bradley CooperSienna Miller American Sniper
47%
2015 Steven Spielberg Tom HanksMark Rylance Bridge of Spies
47%
2015 John Crowley Saoirse RonanDomhnall Gleeson Brooklyn
47%
2021 Sian Heder Emilia JonesEugenio Derbez CODA
47%
2024 Edward Berger Ralph FiennesStanley Tucci Conclave
47%
2024 Jacques Audiard Zoe SaldañaSelena Gomez Emilia Pérez
47%
2022 Daniel Kwan & Daniel Scheinert Michelle YeohStephanie Hsu Everything Everywhere All at Once
47%
2008 Ron Howard Frank LangellaMichael Sheen Frost/Nixon
47%
2005 George Clooney David StrathairnPatricia Clarkson Good Night, and Good Luck
47%
2006 Clint Eastwood Ken WatanabeKazunari Ninomiya Letters from Iwo Jima
47%
2012 Ang Lee Suraj SharmaIrrfan Khan Life of Pi
47%
2020 David Fincher Gary OldmanAmanda Seyfried Mank
47%
2007 Tony Gilroy George ClooneyTom Wilkinson Michael Clayton
47%
2021 Guillermo del Toro Bradley CooperCate Blanchett Nightmare Alley
47%
2020 Darius Marder Riz AhmedOlivia Cooke Sound of Metal
47%
2010 Lisa Cholodenko Annette BeningJulianne Moore The Kids Are All Right
47%
2023 Jonathan Glazer Christian FriedelSandra Hüller The Zone of Interest
47%
2022 Joseph Kosinski Tom CruiseMiles Teller Top Gun: Maverick
47%
2022 James Cameron Sam WorthingtonZoe Saldaña Avatar: The Way of Water
40%
2021 Kenneth Branagh Caitríona BalfeJudi Dench Belfast
40%
2004 Marc Forster Johnny DeppKate Winslet Finding Neverland
40%
2011 Martin Scorsese Ben KingsleySacha Baron Cohen Hugo
40%
2022 Martin McDonagh Colin FarrellBrendan Gleeson The Banshees of Inisherin
40%
2025 Clint Bentley Joel EdgertonFelicity Jones Train Dreams
40%
2011 Steven Spielberg Emily WatsonDavid Thewlis War Horse
40%
2012 Benh Zeitlin Quvenzhané WallisDwight Henry Beasts of the Southern Wild
33%
2009 Neill Blomkamp Sharlto CopleyJason Cope District 9
33%
2011 Stephen Daldry Tom HanksSandra Bullock Extremely Loud & Incredibly Close
33%
2001 Todd Field Sissy SpacekTom Wilkinson In the Bedroom
33%
2020 Shaka King Daniel KaluuyaLaKeith Stanfield Judas and the Black Messiah
33%
2016 Garth Davis Dev PatelSunny Pawar Lion
33%
2012 Michael Haneke Jean-Louis TrintignantEmmanuelle Riva Amour
27%
2021 Ryusuke Hamaguchi Hidetoshi NishijimaToko Miura Drive My Car
27%
2016 David Mackenzie Jeff BridgesChris Pine Hell or High Water
27%
2024 RaMell Ross Ethan HerisseBrandon Wilson Nickel Boys
27%
2022 Ruben Östlund Harris DickinsonCharlbi Dean Triangle of Sadness
27%
2001 Robert Altman Eileen AtkinsBob Balaban Gosford Park
20%
2003 Peter Weir Russell CrowePaul Bettany Master and Commander: The Far Side of the World
20%
2013 Stephen Frears Judi DenchSteve Coogan Philomena
20%
2003 Gary Ross Tobey MaguireJeff Bridges Seabiscuit
20%
2022 Sarah Polley Rooney MaraClaire Foy Women Talking
20%
2009 Lone Scherfig Peter SarsgaardAlfred Molina An Education
7%
No matching quizzes found
Score Distribution
Percent of People with Each Score
Percentile by Number Answered
Your Score History
You have not taken this quiz since the last reset